| 000 | 01380nam a2200349Ia 4500 | ||
|---|---|---|---|
| 008 | 130821s1982 ne gr eng | ||
| 020 | _a9024729483 | ||
| 040 |
_aCo-BoUCM _bspa |
||
| 041 | 0 | 0 | _aeng |
| 100 | 1 | _aCastel, Jean-Gabriel. | |
| 245 | 1 | 4 |
_aThe extraterritorial effects of antitrust laws _cJean-Gabril Castel |
| 260 |
_aLa Haya (Holanda) _bMartinus Nijhoff Publishers _c1982 |
||
| 300 | _a412 páginas | ||
| 490 | 0 |
_aRecueil des Cours. _v179 _aCollected Courses of the Hague Academy of International Law |
|
| 504 | _aIncluye bibliografía. | ||
| 546 | _aTexto en francés e inglés. | ||
| 650 | 0 | 4 |
_aDerecho comercial _912717 |
| 650 | 0 | 4 |
_aDerecho internacional privado _97497 |
| 650 | 0 | 4 |
_aDerecho internacional público _97498 |
| 650 | 0 | 4 |
_aDerecho internacional _912776 |
| 650 | 0 | 4 |
_aExtraterritorialidad _915499 |
| 650 | 0 | 4 |
_aLey antimonopolio _918441 |
| 650 | 0 | 4 | _aPersonas jurídicas (Derecho internacional) |
| 650 | 0 | 4 |
_aTratados _925816 |
| 700 | 1 | 2 | _aBerberis, A. |
| 700 | 1 | 2 | _aCapatina, O. |
| 710 | 1 | _aAcadémie de Droit International Law. | |
| 740 | 0 | 2 | _aNouvelles questions concernant la personnalité juridique internationale / A. Berberis. |
| 740 | 2 | 2 | _aL'entraide judiciaire internationale en matière civile et commerciale / O. Capatina. |
| 942 |
_a8 _e1 _kR _mR311 _cLIBROREF _2DEWEY _h341.02 |
||
| 999 |
_c45623 _d45623 |
||